Getting ready for direct practice in social work (Record no. 44554)

MARC details
000 -LEADER
fixed length control field 00666nam a2200181 a 4500
008 - FIXED-LENGTH DATA ELEMENTS--GENERAL INFORMATION
fixed length control field 200123s2017 ||||||||||||||||| || u
020 ## - INTERNATIONAL STANDARD BOOK NUMBER
International Standard Book Number 9781473989337
050 ## - LIBRARY OF CONGRESS CALL NUMBER
Classification number HV 40. 8. G7 Sco
100 ## - MAIN ENTRY--PERSONAL NAME
Personal name Scourfield, Peter
245 10 - TITLE STATEMENT
Title Getting ready for direct practice in social work
Statement of responsibility, etc. By Peter Scourfield
260 ## - PUBLICATION, DISTRIBUTION, ETC.
Place of publication, distribution, etc. London
Name of publisher, distributor, etc. SAGE
Date of publication, distribution, etc. 2017
300 ## - PHYSICAL DESCRIPTION
Extent ix, 210 pages : illustrations
350 ## - PRICE (NR) (BK AM CF MU VM SE) [OBSOLETE]
Price 19.40
650 #0 - SUBJECT ADDED ENTRY--TOPICAL TERM
Topical term or geographic name entry element SOCIAL SERVICE
650 ## - SUBJECT ADDED ENTRY--TOPICAL TERM
Topical term or geographic name entry element SOCIAL CASE WORK
650 ## - SUBJECT ADDED ENTRY--TOPICAL TERM
Topical term or geographic name entry element SOCIAL WORKERS
995 ## - RECOMMENDATION 995 [LOCAL, UNIMARC FRANCE]
-- CBU-MAIN LIBRARY (Kitwe)
-- 19.40
-- 1
-- AVAILABLE
-- Jan 28, 2020
-- Medical Library Open Access Collection
Holdings
Withdrawn status Lost status Source of classification or shelving scheme Damaged status Not for loan Home library Current library Shelving location Date acquired Total Checkouts Full call number Barcode Date last seen Price effective from Koha item type
          CBU-MAIN LIBRARY, KITWE. CBU-MAIN LIBRARY, KITWE.   11/30/2022   HV 40. 8. G7 Sco 750145 11/30/2022 11/30/2022 MONOGRAPH